| 000 | 01129nac a22002891i 4500 | ||
|---|---|---|---|
| 003 | EG-ScBUE | ||
| 005 | 20230808134658.0 | ||
| 008 | 230808s1974 ilua f b 001 0 eng d | ||
| 020 | _a0226346773 | ||
| 040 |
_aEG-ScBUE _beng _erda _cEG-ScBUE _dEG-ScBUE |
||
| 082 | 0 | 4 |
_a909.097671 _bHOD _222 |
| 100 | 1 |
_aHodgson, Marshall G. S., _eauthor. |
|
| 245 | 1 | 4 |
_aThe venture of Islam : _bconscience and history in a world civilization / _cMarshall G. S. Hodgson. |
| 264 | 1 |
_aChicago : _bUniversity of Chicago Press, _c1974. |
|
| 300 |
_a3 volumes : _billustrations ; _c24 cm |
||
| 336 |
_2rdacontent _atext _btxt |
||
| 337 |
_2rdamedia _aunmediated _bn |
||
| 338 |
_2rdacarrier _avolume _bnc |
||
| 504 | _aIncludes bibliographical references and index. | ||
| 505 | 0 | _av. 1. The classical age of Islam.--v. 2. The expansion of islam in the middle periods.--v. 3. The gunpowder empires and modern times. | |
| 650 | 7 |
_aCivilization, Islamic. _2BUEsh |
|
| 651 | 7 |
_aIslamic Empire _xHistory. _2BUEsh |
|
| 651 | 7 |
_aMiddle East _xHistory _y1517- _2BUEsh |
|
| 655 | _vReading book | ||
| 942 |
_cBB _2ddc |
||
| 999 |
_c1651 _d1651 |
||